000 01103nam0a2200313 4500
001 RU\NLR\ONL2\25937
005 20251130044501.0
035 _a(NLR Aleph) 010212892
090 _a13469503
_c13469503
100 _a20121121d1950 u y0rusy50 ca
101 0 _aaze
102 _aAZ
105 _aa |||||||||
200 1 _aАди диференсиал тәнликләр
_fпроф. М. Р. Әфәндиjев
_gС. М. Киров ад. Азәрб. дөв. дарулфуну
210 _aБакы
_cАзэрнэшр
_d1950
215 _a215 с.
_cчерт.
_d22
541 1 _6z01790
_aОбыкновенные дифференциальные уравнения
_zrus
606 0 _aДифференциальные уравнения
_91261155
_3RU\NLR\auth\66200289
686 1 _aВ161.6
700 1 _aӘфәндиjев
_bМ. Р.
_4070
790 1 _6z01541
_aЕфендиев
_bМ. Р.
_4070
801 0 _aRU
_bNLR
_c20130415
_gPSBO
852 _aNLR
_jАзерб./3-4031
852 _aNLR
_bОНЛ
942 _cBOOK
980 _aONL_RF
980 _aNB